000 00692-am-a2200193-a-4500
001 YSU0196766
003 AM-YEHGA
005 20250617163946.0
008 990223s1962 xxu 000 0 rus u
020 _c00.95
040 _aAM-YeHGA
100 1 0 _aБацанов, Степан Сергеевич
245 1 0 _aЭлектроотрицательность элементов и химическая связь /
_cС.С. Бацанов
260 0 _aНовосибирск :
_bАН СССР. Сиб. отд-ние ,
_c1962.
300 _a151 с.
550 _aАН СССР. Сибирское отделение
650 4 _aТеоретическая химия
090 _c518985
999 _c515444
_d515444